01240nam a2200337 i 450000500170000000700030001700800410002002000180006104000350007904100130011408200210012710000280014824501590017625000230033526400440035830000620040233600270046433700330049133800280052449000290055250000400058152100610062153400190068265000220070165000390072365000260076270000410078870000430082994200150087299900150088720220317000253.0ta210809s2011 ck ao sb s s0 spa d a9789583037856 aCO-BoRNBPbspaerdacCO-BoRNBP1 aspahger04a502.82bB65t2221 aBommer, Anneroseeautor10aTras las huellas de la naturalezabexplora y aprende con el microscopio cAnnerose Bommer ; ilustración Friedrich Werth ; traducción Luis Carlos Henao aPrimera edición  1aBogotábPanamericana Editorial c2011 a47 páginasbilustraciones, fotografías a colorc25 cm atextobtxt2rdacontent asin mediaciónbn2rdamedia avolumenbnc2rdacarrier0 aJóvenes científicos  aIncluye glosario al final del texto aRecomendado para un público infantil mayor de 9 años tMikroskopieren17aMicroscopio2LEMB17aInvestigación científica2LEMB17aMicrobiología2LEMB1 aWerth, Friederichdilustrador9139361 aHenao, Luis Carlos etraductor9179822 2ddccBKINF c3575d3575